000 00798nam a2200289Ia 4500
005 20260324122537.0
008 008 260324s9999 xx 000 0 eng d
020 _a9780203066492
037 _aEBOOK
040 _aCRL
040 _beng
040 _cCRL
041 _2eng
041 _aeng
084 _qCRL
100 _aEliza W.Y. Lee; Joseph C.W. Chan; Elaine Y.M. Chan; Peter T.Y. Cheung; Wai Fung Lam; Wai Man Lam
_91166855
245 0 _aPublic Policymaking in Hong Kong
245 0 _bCivic Engagement and State-Society Relations in a Semi-Democracy
260 _bTaylor and Francis
260 _c2013
365 _a
365 _b240
856 _uhttp://www.taylorfrancis.com/books/9780203066492
942 _cEBOOK
999 _c1759690
_d1759690